000 00619nam a2200229Ia 4500
003 OSt
005 20220928113641.0
006 a|||||r|||| 00| 0
007 ta
008 220927b |||||||| |||| 00| 0 eng d
024 _a36683
037 _cTextual
040 _aSDCL
_cSDCL
_beng
041 _2eng
_aeng
082 _aV2:3(Q)'N9, N9
100 _aPanikkar K N Ed.
_9405443
245 0 _aConcerned Indian's guide to communalism
260 _aNew Delhi
_bPenguin Books
_c1999
300 _avii,252p
_ccm.
942 _hV2:3(Q)'N9, N9
_cTEXL
_2CC
999 _c750598
_d750598